Coisa julgada inconstitucional / (Record no. 398)

MARC details
000 -LÍDER
Campo Fixo de Controle 00971nam a2200289 a 4500
001 - NÚMERO DE CONTROLE
Campo de Controle 398
003 - IDENTIFICAÇÃO DO NÚMERO DE CONTROLE
Campo de Controle BR-CuiBMT
005 - DATA E HORA DA ÚLTIMA ATUALIZAÇÃO
Campo de Controle 20231103163816.0
008 - DADOS FIXOS
Dados Fixos 231103s2008 mgb 001 0 por d
020 ## - INTERNATIONAL STANDARD BOOK NUMBER
Nº do ISBN 9788577001484
040 ## - AGÊNCIA CATALOGADORA
Código da Agência Catalogadora BR-CuiBMT
Agência que transcreveu o registro BR-CuiBMT
080 ## - Nº DA CLASSIFICAÇÃO DECIMAL UNIVERSAL
Nº edição CDU 2007
Nº Class. CDU 347.953
090 ## - NÚMERO DE CHAMADA
Nº classificação 347.953
Cutter C679
Ano/Edição 2. ed.
245 ## - TÍTULO PRINCIPAL
Título principal Coisa julgada inconstitucional /
Indicação de responsabilidade Carlos Valder do Nascimento , José Augusto Delgado, organizadores ; [ Alexandre Freitas Câmara, et al...].
250 ## - EDIÇÃO
Edição 2. ed.
260 ## - PUBLICAÇÃO, DISTRIBUIÇÃO, ETC.
Local de publicação Belo Horizonte :
Editora Fórum,
Data 2008.
300 ## - DESCRIÇÃO FÍSICA
N. páginas ou volumes 485 p.:
Dimensões 24 cm
500 ## - NOTAS GERAIS
Notas gerais Informações dos autores retirados da capa.
504 ## - NOTA DE BIBLIOGRAFIA, ETC.
Nota de bibliografia Inclui bibliografia e índice.
650 ## - ASSUNTO TÓPICO
Cabeçalho tópico ou nome geográfico Coisa julgada
650 ## - ASSUNTO TÓPICO
Cabeçalho tópico ou nome geográfico Direito constitucional
650 ## - ASSUNTO TÓPICO
Cabeçalho tópico ou nome geográfico Processo civil
700 ## - ENTRADA SECUNDÁRIA -- NOME PESSOAL
Cód. do termo explicativo org.
Nome pessoal Nascimento, Carlos Valder do,
Datas associadas ao nome 1944-
700 ## - ENTRADA SECUNDÁRIA -- NOME PESSOAL
Cód. do termo explicativo org.
Nome pessoal Delgado, José Augusto,
Datas associadas ao nome 1938-
700 ## - ENTRADA SECUNDÁRIA -- NOME PESSOAL
Cód. do termo explicativo Autor
Nome pessoal Câmara, Alexandre Freitas
Termo de relação et al.
942 ## - ELEMENTOS DE ENTRADA ADICIONAIS (KOHA)
Fonte de classificação ou esquema de arquivamento Classificação Decimal Universal
Tipo de item do Koha Livros
Holdings
Estado: removido Estado: perdido Fonte de classificação ou esquema de arquivamento Estado: danificado Indisponível para empréstimo Localização permanente Localização atual Data de aquisição Total Checkouts Número de Chamada completo Código de barras Date last seen Número do exemplar Preço efetivo a partir de Tipo de item (Koha)
    Classificação Decimal Universal     Biblioteca da Escola Superior de Contas do TCE/MT Biblioteca da Escola Superior de Contas do TCE/MT 03/11/2023   347.953 C679 BIBTCEMT23110116 03/11/2023 Ex. 1 03/11/2023 Livros
    Classificação Decimal Universal     Biblioteca da Escola Superior de Contas do TCE/MT Biblioteca da Escola Superior de Contas do TCE/MT 03/11/2023   347.953 C679 BIBTCEMT23110117 03/11/2023 Ex. 2 03/11/2023 Livros

Powered by Koha